| 000 | 00750nam a2200229 i 4500 | ||
|---|---|---|---|
| 001 | 127300 | ||
| 003 | ES-MaACL | ||
| 005 | 20250728105513.0 | ||
| 007 | t| | ||
| 008 | 070214s1970 sp r ||||1| spa d | ||
| 100 | 1 |
_aRhodes, Franck H. T. _996659 |
|
| 245 | 1 | 0 |
_aFósiles / _cFranck H. T. Rhodes, H. S. Zim, P. K. Shaffer ; traducción de Rafael Candel Vila, ilustraciones de Raymond Perlman. |
| 260 |
_aBarcelona : _bDaimon, _c1970. |
||
| 300 |
_a160 p. : _bil. ; _c16 cm. |
||
| 650 | 4 |
_aFósiles. _9136152 |
|
| 700 | 1 |
_aZim, Herbert Spencer _9118257 |
|
| 700 | 1 |
_aShaffer, P. K. _9105980 |
|
| 700 | 1 |
_aCandel Vila, Rafael. _934451 |
|
| 700 | 1 |
_aPerlman, Raymond. _991291 |
|
| 852 |
_aES-MaACL _jC-42127 _bR.76392 |
||
| 999 |
_c127300 _d127300 |
||